Los orígenes de la civilización / (Record no. 80571)

MARC details
000 -CABECERA
campo de control de longitud fija 00683nam a2200205 a 4500
005 - FECHA Y HORA DE LA ÚLTIMA TRANSACCIÓN
campo de control 20210223124113.0
008 - ELEMENTOS DE LONGITUD FIJA--INFORMACIÓN GENERAL
campo de control de longitud fija 010522s1987 mx r 000 0 spa d
020 ## - NÚMERO INTERNACIONAL NORMALIZADO PARA LIBROS
Número Internacional Estándar del Libro 8486556201
035 ## - NÚMERO DE CONTROL DEL SISTEMA
Número de control de sistema UPN01000106659
049 ## - COLECCIÓN
Colección CG
050 #4 - SIGNATURA TOPOGRÁFICA DE LA BIBLIOTECA DEL CONGRESO
Número de clasificación CB61
Número de documento/Ítem L8.38
100 1# - ASIENTO PRINCIPAL--NOMBRE PERSONAL
Nombre de persona Lubbock, John,
Títulos y otros términos asociados al nombre Sir,
Fechas asociadas al nombre 1834-1913.
245 14 - MENCIÓN DE TÍTULO
Título Los orígenes de la civilización /
Mención de responsabilidad, etc. John Lubbock.
260 ## - PUBLICACIÓN, DISTRIBUCIÓN, ETC.
Lugar de publicación, distribución, etc. Barcelona :
Nombre del editor, distribuidor, etc. Alta Fulla,
Fecha de publicación, distribución, etc. 1987
300 ## - DESCRIPCIÓN FÍSICA
Extensión 508 p.
440 #0 - MENCIÓN DE SERIE/ASIENTO SECUNDARIO--TÍTULO
Título Biblioteca
Nombre de parte o sección de la obra Serie antropología ;
Designación de volumen o secuencia 1
500 ## - NOTA GENERAL
Nota general Facsimil de: Los orígenes de la civilización y la condición primitiva del hombre. -- Madrid : Daniel Jorro, 1914.
650 #4 - ASIENTO SECUNDARIO DE MATERIA - TERMINO TEMATICO
Término de materia o nombre geográfico como elemento de entrada CIVILIZACION -
Subdivisión general HISTORIA
9 (RLIN) 8253
905 ## - TIPO DE MATERIAL
Tipo de material Libro
Holdings
Estado de retiro Estado de pérdida Fuente del sistema de clasificación o colocación Estado dañado No para préstamo Código de colección Localización permanente Ubicación/localización actual Ubicación en estantería Total de préstamos Clasificación Código de barras Fecha visto por última vez Número de copia Tipo de ítem Koha
    Library of Congress Classification     Colección General Bib. Gregorio Torres Quintero Bib. Gregorio Torres Quintero Planta baja 2 CB61 L8.38 173549 31/12/2020 1 Libro
    Library of Congress Classification     Colección General Bib. Gregorio Torres Quintero Bib. Gregorio Torres Quintero Planta baja 2 CB61 L8.38 173547 31/12/2020 1 Libro
    Library of Congress Classification     Colección General Bib. Gregorio Torres Quintero Bib. Gregorio Torres Quintero Planta baja   CB61 L8.38 173548 31/12/2020 1 Libro